Statystyki dla Youtuberzy powyżej miliona Subskrybcji!

Kliknij tutaj aby rozwiązać quiz!

Ogólne statystyki

  • Ten quiz został rozwiązany 17,101 razy
  • Średni wynik to 27 z 71

Statystyki odpowiedzi

Youtuberzy % poprawnych
Blowek
95%
Stuu
87%
Rezigiusz
83%
Friz
79%
Mandzio
76%
SA Wardęga
75%
Tomasz 'Gimper' Działowy
69%
Lord Kruszwil
68%
AbstrachujeTV
66%
Kamerzysta
65%
Naruciak
61%
IsAmU
59%
BEKSY
57%
izak LIVE
55%
5 Sposobów na...
47%
ROJSON
46%
TheNitroZyniak
45%
Boruciak
44%
Remigiusz Maciaszek
44%
MULTI
43%
BOXDEL
43%
Step Records
42%
skkf
41%
Dominik Łupicki
41%
WAKSY
41%
Planeta Faktów
39%
Karolek
39%
Poszukiwacz
38%
THEUNBOXALL
37%
Red Lipstick Monster
37%
QueQuality
36%
Ponki
35%
JDabrowsky
35%
Vito Minecraft
34%
DeeJayPallaside
34%
SBM Label
33%
Marcin Dubiel
32%
FIT LOVERS
32%
Niekryty Krytyk
32%
TRENUJ Z KRZYCHEM
31%
Vertez
30%
Z Dvpy
30%
Dezy
30%
NIEPRZYGOTOWANI: Nowe Pokolenie
30%
Agnieszka Grzelak Vlog
29%
ProstoTV
29%
Cyber Marian
29%
AdBuster
28%
MagdalenaMariaMonika
28%
Marcin Malczynski
28%
Szparagi
27%
Kaluch
27%
5-minutowe Sztuczki
26%
Dawid Frank
26%
Zuzanna Borucka
24%
RoxMb
24%
Wojan
24%
dealereq
24%
Martin Stankiewicz
23%
Agnieszka Grzelak Beauty
23%
SPInkafilmstudio
21%
Disowskyy
21%
smiechawaTV
21%
KaliGanjaMafia
20%
Medusa Official
19%
Zajcu37
19%
Topowa Dycha
18%
Sitr0x
17%
GPlay: Minecraft Jest Nasz!
16%
BORCREW OFFICIAL
15%
NewBadLabel
13%

Rozkład punktacji

Percentyl według liczby udzielonych odpowiedzi

Procent ludzi z każdym wynikiem

Twoja historia wyników

Nie rozwiązałeś tego quizu